It's All Relative Quiz Stats

 Plays Quiz Updated Feb 26, 2013

Also try: We Are Family!
Challenge
Share
Tweet
Score 0/24 Timer 07:00
1 Play Today
% Correct
Uncle Sam
96.1%
grandfather clock
88.6%
Mother Teresa
87.1%
Sister Act
80.5%
Father of the Bride
79.8%
How I Met Your Mother
78.4%
Father Time
77.9%
Uncle Ben
75.9%
daddy longlegs
73.4%
Sister, Sister
69.2%
Aunt Jemima
68.8%
Brother Bear
65.7%
% Correct
Uncle Buck
59.3%
Uncle Tom's Cabin
59.2%
O, Brother Where Art Thou?
57.6%
The Queen Mother
53%
Daddy Warbucks
50%
Sanford and Son
48.9%
Whistler's Mother
41.3%
mother of pearl
34.5%
Mommie Dearest
32.5%
Coal Miner's Daughter
30.8%
Uncle Remus
25.6%
Grandma Moses
16.7%

You're not logged in!

Compare scores with friends on all Sporcle quizzes.
Join for Free
OR
Log In

You Might Also Like...

Show Comments

Extras

Top Quizzes Today


Score Distribution

Your Account Isn't Verified!

In order to create a playlist on Sporcle, you need to verify the email address you used during registration. Go to your Sporcle Settings to finish the process.

Report this User

Report this user for behavior that violates our Community Guidelines.

Details: